Zdroje financovanie obchodnej spoločnosti diplomová práca

Enregistré dans:
Détails bibliographiques
Auteur principal: Ihnát, Dávid
Collectivité auteur: Podnikovohospodárska fakulta EU so sídlom v Košiciach. Katedra finančného riadenia podniku
Autres auteurs: Weiss, Roland, 1984-
Format: Livre
Langue:slovaque
Publié: Košice 2023
Tags: Ajouter un tag
Pas de tags, Soyez le premier à ajouter un tag!

MARC

LEADER 00000nbm a2200000 4500
001 0292919
005 20240405140838.6
041 0 |a slo 
044 |a SK 
245 1 0 |a Zdroje financovanie obchodnej spoločnosti  |b diplomová práca  |c Dávid Ihnát ; školiteľ: Roland Weiss 
264 1 |a Košice  |c 2023 
300 |a 68 s. 
100 1 |a Ihnát, Dávid 
700 1 |a Weiss, Roland, 1984- 
710 2 |a Podnikovohospodárska fakulta EU so sídlom v Košiciach. Katedra finančného riadenia podniku